Lines of the Moscow Metro - Statistics

General Stats
  • This quiz has been taken 62 times
    47 since last reset
  • The average score is 10 of 14
Answer Stats
Number Line % Correct
1 Sokolnicheskaya
92%
5 Koltsevaya
89%
3 Arbatsko-Pokrovskaya
86%
2 Zamoskvoretskaya
81%
7 Tagansko-Krasnopresnenskaya
78%
6 Kaluzhsko-Rizhskaya
76%
4 Filyovskaya
70%
11 Bolshaya Koltsevaya
68%
12 Butovskaya
68%
15 Nekrasovskaya
68%
10 Lyublinsko-Dmitrovskaya
57%
8 Kalininsko-Solntsevskaya
54%
9 Serpukhovsko-Timiryazevskaya
51%
11a Kakhovskaya
46%
No matching quizzes found
Score Distribution
Percent of People with Each Score
Percentile by Number Answered
Your Score History
You have not taken this quiz since the last reset